| 000 | 00865cam a2200205 i 4500 | ||
|---|---|---|---|
| 005 | 20251108175904.0 | ||
| 008 | 250721s2022 jo gr 000 0 ara d | ||
| 020 | _a9789957834791 | ||
| 082 | 1 | 4 |
_a155.4 _bل م و |
| 100 | 1 |
_aلموزة، اشواق سامي _eمؤلف. |
|
| 245 | 1 | 0 |
_aتربية الطفل وبعض مشكلاته : _bأسباب وعلاج / _cتأليف الدكتورة أشواق سامي لموزة، الدكتورة عفراء ابراهيم العبيدي. |
| 250 | _aالطبعة الأولى. | ||
| 264 | 1 |
_aعمان : _bمكتبة المجتمع العربي للنشر والتوزيع، _c2022. |
|
| 300 | _a159صفحة. | ||
| 650 | 1 | 7 | _aسيكولوجية الطفولة. |
| 650 | 1 | 7 | _aعلم النفس. |
| 700 | 1 |
_aالعبيدي، عفراء ابراهيم _eمؤلف. |
|
| 942 |
_2ddc _cBK |
||
| 999 |
_c144819 _d144819 |
||